Statistiques concernant Culture Générale - Série 64

Cliquez ici pour prendre le quiz!

Statistiques générales

  • Ce quiz a été pris 305 fois
  • Le résultat moyen est 3 sur 10

Statistiques - réponses

QuestionRéponse% Correct
Dans les régions méditerranéennes, état d'inimitié et d'hostilité entre des familles, qui se concrétise par une vengeance exercée contre toute la famille de l'offenseurVendetta
60%
Chef élu de l'Ordre des avocats, chargé de présider et de surveiller leurs assembléesBâtonnier
42%
Asclépios chez les Grecs ou Esculape chez les Romains, était le dieu de ....?Médecine
40%
Tranche de gros poisson taillée à cruDarne
38%
Dans la mythologie grecque et romaine, nom d'une région souterraine, située au fond des EnfersTartare
35%
Voiture monoplace, très légère, à deux roues, utilisée pour les courses de trot atteléSulky
32%
Mélange fluide composé d'urine et d'excréments d'animaux que l'on conserve dans des fosses couvertes pour servir d'engraisLisier
31%
Qu'est-ce qu'un janissaire ?Soldat
31%
Epreuve judiciaire employée au Moyen Âge pour établir l'innocence ou la culpabilité de l'accusé (=jugement de Dieu)Ordalie
16%
Embarcation légère propulsée soit à l'aviron soit à la voileYole
4%

Distribution des résultats

Percentile par nombre de réponses

% des personnes avec chaque résultat

Votre développement - résultats

Vous n’avez pas pris ce quiz